Moje objavy

Enregistré dans:
Détails bibliographiques
Auteur principal: Tesla, Nikola (Auteur)
Format: Livre
Langue:slovaque
Publié: Pezinok : Formát, 2000
Sujets:
Tags: Ajouter un tag
Pas de tags, Soyez le premier à ajouter un tag!

MARC

LEADER 00000nam a22000003a 4500
001 stu126163
005 20150617225908.6
008 060914s2000----xo------------------slo-d
020 |a 80-967911-9-2 
040 |a STU  |b slo 
041 0 |a slo 
044 |a xo 
080 |a 621.3-05 
080 |a 929Tesla,N. 
100 1 |a Tesla, Nikola  |4 aut 
245 1 |a Moje objavy 
260 |a Pezinok :  |b Formát,  |c 2000 
300 |a 135 s 
650 7 |a prenos elektrickej energie  |2 stusub 
650 7 |a transformátory  |2 stusub 
650 7 |a Tesla  |2 stusub 
996 |b 284EK86384  |c E*86384  |l EE01  |s A  |a 24  |w stu126163_0002